书目信息 |
| 题名: |
煤系气储层缝网改造技术及应用
|
|
| 作者: | 苏现波 , 马耕 著 | |
| 分册: | ||
| 出版信息: | 北京 科学出版社 2017.06 |
|
| 页数: | 331页 | |
| 开本: | 24cm | |
| 丛书名: | ||
| 单 册: | ||
| 中图分类: | P618.11 | |
| 科图分类: | ||
| 主题词: | 煤层--地下气化煤气--地下开采--研究 | |
| 电子资源: | ||
| ISBN: | 978-7-03-053032-5 | |
| 000 | 01231nam0 2200241 450 | |
| 001 | 1423 | |
| 005 | 20180928101626.41 | |
| 010 | @a978-7-03-053032-5@dCNY128.00 | |
| 100 | @a20180217d2017 em y0chiy50 ea | |
| 101 | 0 | @achi |
| 102 | @aCN@b110000 | |
| 105 | @aa z 000yy | |
| 200 | 1 | @a煤系气储层缝网改造技术及应用@9mei xi qi chu ceng feng wang gai zao ji shu ji ying yong@dFracture network stimulating technology and its application for unconventional natural gas reservoir in coal measure@f苏现波,马耕等著@zeng |
| 210 | @a北京@c科学出版社@d2017.06 | |
| 215 | @a331页@c图@d24cm | |
| 330 | @a本书以煤系气储层特性和煤系气运移产出机理的研究为前提,研制了煤系气储层水力压裂专用的防水锁、防水敏、防速敏压裂液体系,并对其增产机理进行探讨;提出煤系气储层缝网改造技术,建立了基于损伤力学的缝网改造数理模型,在ANSYS软件平台下进行了数值模拟。这一技术在水平井和垂直井中得到了成功的应用。 | |
| 510 | 1 | @aFracture network stimulating technology and its application for unconventional natural gas reservoir in coal measure@zeng |
| 606 | 0 | @a煤层@x地下气化煤气@x地下开采@x研究 |
| 690 | @aP618.11@v5 | |
| 701 | 0 | @a苏现波@9su xian bo@4著 |
| 701 | 0 | @a马耕@9ma geng@4著 |
| 801 | 0 | @aCN@b91MARC@c20180217 |
| 905 | @aMuseLib@dP618.11@e80 | |
| 煤系气储层缝网改造技术及应用=Fracture network stimulating technology and its application for unconventional natural gas reservoir in coal measure/苏现波,马耕等著.-北京:科学出版社,2017.06 |
| 331页:图;24cm |
| ISBN 978-7-03-053032-5:CNY128.00 |
| 本书以煤系气储层特性和煤系气运移产出机理的研究为前提,研制了煤系气储层水力压裂专用的防水锁、防水敏、防速敏压裂液体系,并对其增产机理进行探讨;提出煤系气储层缝网改造技术,建立了基于损伤力学的缝网改造数理模型,在ANSYS软件平台下进行了数值模拟。这一技术在水平井和垂直井中得到了成功的应用。 |
| ● |
| 相关链接 |
|
|
|
|
正题名:煤系气储层缝网改造技术及应用
索取号:P618.11/80
 
预约/预借
| 序号 | 登录号 | 条形码 | 馆藏地/架位号 | 状态 | 备注 |
| 1 | 1122606 | 211226065 | 第二样本阅览室/ [索取号:P618.11/80] | 在馆 | |
| 2 | 1122607 | 211226074 | 第三借阅区/ [索取号:P618.11/80] | 在馆 | |
| 3 | 1122608 | 211226083 | 第三借阅区/ [索取号:P618.11/80] | 在馆 | |
| 4 | 1122609 | 211226092 | 化学系资料室/ [索取号:P618.11/80] | 在馆 |